Public private partnership in agricultural extension management: (Record no. 195108)
[ view plain ]
| 000 -LEADER | |
|---|---|
| fixed length control field | 00602nam a22001937a 4500 |
| 003 - CONTROL NUMBER IDENTIFIER | |
| control field | OSt |
| 082 ## - DEWEY DECIMAL CLASSIFICATION NUMBER | |
| Classification number | 630.715 |
| Item number | CHA/PU |
| 100 ## - MAIN ENTRY--PERSONAL NAME | |
| Personal name | Chandra Sekara, P |
| 245 ## - TITLE STATEMENT | |
| Title | Public private partnership in agricultural extension management: |
| Remainder of title | a case study of Hoshangabad model |
| 260 ## - PUBLICATION, DISTRIBUTION, ETC. (IMPRINT) | |
| Place of publication, distribution, etc | Hyderabad |
| Name of publisher, distributor, etc | National Institute of Agricultural Extension Management |
| Date of publication, distribution, etc | 2010 |
| 300 ## - PHYSICAL DESCRIPTION | |
| Extent | 60p. |
| 546 ## - LANGUAGE | |
| Language note | English |
| 650 ## - SUBJECT ADDED ENTRY--TOPICAL TERM | |
| Topical term or geographic name as entry element | Agricultural management |
| 650 ## - SUBJECT ADDED ENTRY--TOPICAL TERM | |
| Topical term or geographic name as entry element | Extension management |
| 650 ## - SUBJECT ADDED ENTRY--TOPICAL TERM | |
| Topical term or geographic name as entry element | Private public partnership |
| 700 ## - ADDED ENTRY--PERSONAL NAME | |
| Personal name | Balasubramani, N. |
| 700 ## - ADDED ENTRY--PERSONAL NAME | |
| Personal name | Srinivasa Charyulu |
| 942 ## - ADDED ENTRY ELEMENTS (KOHA) | |
| Source of classification or shelving scheme | Dewey Decimal Classification |
| Koha item type | Books (General) |
| Lost status | Source of classification or shelving scheme | Damaged status | Not for loan | Collection code | Home library | Current library | Shelving location | Date acquired | Total Checkouts | Full call number | Barcode | Date last seen | Date last borrowed | Koha item type |
|---|---|---|---|---|---|---|---|---|---|---|---|---|---|---|
| Dewey Decimal Classification | General | KAU Central Library, Thrissur | KAU Central Library, Thrissur | General | 12/11/2020 | 1 | 630.715 CHA/PU | 811287 | 07/12/2020 | 07/12/2020 | Books (General) |
